| 000 | 00830cab a22001935a 4500 | ||
|---|---|---|---|
| 001 | L151015 | ||
| 008 | 100923e2010 xxk 000 0 eng d | ||
| 035 | _a(Sirsi) u151015 | ||
| 041 | 0 | _aeng | |
| 100 | 1 | _aHo, Peter K M | |
| 245 | 0 | 0 | _aCost control in the Chinese construction sector |
| 260 | _c2010 | ||
| 490 |
_aProject Control Professional _v48(5) September 2010, 16-22(7) |
||
| 520 | _aHistory of cost control and cost engineering in China; the cost control process normally involves 5 key stages, feasibility stage, preliminary design stage, detailed design stage, construction stage, and post-completion stage; the tendering and bidding system; bills of quantities and all-in rates; contract forms; qualification control. | ||
| 590 | _aKA | ||
| 651 | 4 |
_aUnited Kingdom _y |
|
| 690 |
_aProcurement _96260 |
||
| 942 | _n0 | ||
| 999 |
_c82688 _d82688 |
||